El lector literario
Sábháilte in:
| Príomhchruthaitheoir: | |
|---|---|
| Formáid: | LEABHAR |
| Teanga: | Spáinnis |
| Foilsithe / Cruthaithe: |
Ciudad de México
Fondo de Cultura Económica
2016
|
| Eagrán: | 1a. ed |
| Sraith: | Espacios para la Lectura
|
| Ábhair: | |
| Clibeanna: |
Cuir clib leis
Níl clibeanna ann, Bí ar an gcéad duine le clib a chur leis an taifead seo!
|
MARC
| LEADER | 00000cam a2200000 a 4500 | ||
|---|---|---|---|
| 001 | UCC8350 | ||
| 003 | CL-VaPUC | ||
| 005 | 20230627093313.0 | ||
| 008 | 190621e20160000mx |||||||||||||||||spa|d | ||
| 020 | |a 9786071640437 | ||
| 040 | |c Pontificia Universidad Católica de Valparaíso | ||
| 082 | 0 | 4 | |a 028.5 |b CER |2 21 |
| 100 | 0 | |a Cerrillo Torremocha, Pedro C |e author |9 603029 | |
| 245 | 1 | 3 | |a El lector literario |
| 250 | |a 1a. ed | ||
| 260 | |a Ciudad de México |b Fondo de Cultura Económica |c 2016 | ||
| 300 | |a 215 p | ||
| 490 | 0 | |a Espacios para la Lectura | |
| 583 | |a last modification |c 20190621 12:31:00 |k Rodrigo Vera | ||
| 650 | 0 | |a Fomento de la lectura |9 550607 | |
| 650 | 0 | |a Lectores |9 367970 | |
| 942 | |c BK | ||
| 945 | |d 20190621 12:31:00 |a dcastane | ||
| 999 | |c 374696 |d 374694 | ||
| 952 | |0 0 |1 0 |3 erb |4 0 |6 028_500000000000000_CER_2016 |7 0 |8 A |9 493380 |a BIBEDU |b BIBEDU |i 5553555 |l 2 |m 1 |o 028.5 CER 2016 |p 5553555 |r 2023-10-11 |s 2023-09-26 |w 2019-11-24 |y BK |z Catalogado en:20190621 |k LIT | ||